000 01146nam0a22002771 4500
001 rc\3681999
005 20260407053624.0
021 _aRU
_b74-25143
021 _aRU
_bРг4727-74
035 _a(NLR Aleph) 007751737
090 _a7271223
_c7271223
100 _a20130115d1974 |||y0rusy50 ca
101 0 _arus
102 _aRU
105 _ay z |||||
200 1 _aМетодическое письмо по проведению расчетов, связанных с экспертизой алкогольной интоксикации на трупе
_e[Проект]
_fМ-во здрав. РСФСР. Челяб. обл. отд. здравоохранения
210 _aЧелябинск
_cБ. и.
_d1974
215 _a26 с.
_d20
300 _aВ вып. дан.: подгот. доц. П.И. Новиков
702 1 _aНовиков
_bП.И.
_gПетр Иванович
_4570
712 0 2 _aЧелябинский областной отдел здравоохранения
_3RU\NLR\AUTH\8810023616
_9545241
801 0 _aRU
_bNLR
_gpsbo
801 1 _aRU
_bELAR
_2rusmarc
852 _aNLR
_j73-4/49811
942 _cBOOK
980 _aNB